[Event "Klaipeda Sea op-B 19th"]
[Site "Klaipeda"]
[Date "2022.07.28"]
[Round "6"]
[White "Januseviciute, Donata"]
[Black "Remeika, Ugnius"]
[Result "0-1"]
[WhiteElo "1435"]
[BlackElo "1204"]
[PlyCount "102"]
[EventDate "2022.07.26"]
[EventType "swiss"]
[EventRounds "7"]
[EventCountry "LTU"]
[SourceTitle "CBM 209 Extra"]
[Source "ChessBase"]
[SourceDate "2022.09.30"]
[SourceVersion "1"]
[SourceVersionDate "2022.09.30"]
[SourceQuality "1"]

1. Nf3 d5 2. e3 Nc6 3. d4 h6 4. a3 a6 5. c4 dxc4 6. Bxc4 Nf6 7. Nc3 Na5 8. Ba2 Bg4 9. h3 Bh5 10. d5 b6 11. e4 c6 12. b4 cxd5 13. bxa5 dxe4 14. Qxd8+ Rxd8 15. Ne5 bxa5 16. 0-0 e6 17. Re1 Bd6 18. Nc4 Bc7 19. Be3 0-0 20. Bb6 Bxb6 21. Nxb6 Rd4 22. g4 Bg6 23. Rad1 Rfd8 24. Rxd4 Rxd4 25. Rd1 Rd3 26. Rxd3 exd3 27. f3 Kf8 28. Kf2 Ke7 29. Ke3 Kd6 30. Nc4+ Kc5 31. Nxa5 Nd5+ 32. Bxd5 exd5 33. Nb3+ Kc4 34. Kd2 Kxb3 35. a4 d4 36. Ne4 Bxe4 37. fxe4 Kc4 38. h4 Kb4 39. Kxd3 Kxa4 40. e5 Kb5 41. g5 Kc6 42. Kxd4 a5 43. Ke4 hxg5 44. hxg5 g6 45. e6 fxe6 46. Ke5 Kd7 47. Kf6 a4 48. Kxg6 a3 49. Kf7 a2 50. g6 a1Q 51. g7 Qxg7+ 0-1

[Event "Klaipeda Sea op-B 19th"]
[Site "Klaipeda"]
[Date "2022.07.27"]
[Round "3"]
[White "Remeika, Ugnius"]
[Black "Burdin, Oleg"]
[Result "0-1"]
[WhiteElo "1204"]
[BlackElo "1193"]
[PlyCount "92"]
[EventDate "2022.07.26"]
[EventType "swiss"]
[EventRounds "7"]
[EventCountry "LTU"]
[SourceTitle "CBM 209 Extra"]
[Source "ChessBase"]
[SourceDate "2022.09.30"]
[SourceVersion "1"]
[SourceVersionDate "2022.09.30"]
[SourceQuality "1"]

1. e4 e5 2. Nf3 Nc6 3. Bc4 Be7 4. d4 exd4 5. Nxd4 d6 6. Bb5 Bd7 7. Nxc6 Bxc6 8. Bxc6+ bxc6 9. 0-0 Nf6 10. f3 0-0 11. Nc3 d5 12. exd5 cxd5 13. Bg5 c6 14. Qd3 h6 15. Bh4 Qb6+ 16. Bf2 Qxb2 17. Rab1 Qa3 18. Rb3 Qd6 19. Bg3 Qd7 20. Rfb1 Bc5+ 21. Kh1 Rfe8 22. Rb7 Qe6 23. R7b3 Bd6 24. Bxd6 Qxd6 25. Qa6 Qe6 26. h3 c5 27. Qa5 Qd6 28. Rb7 Re7 29. Rxe7 Qxe7 30. Na4 c4 31. Nc5 Nd7 32. Rb7 Qxc5 33. Qa6 Nf6 34. Rb5 Qd4 35. Rb1 Re8 36. Qa3 Re2 37. Qa4 Qf2 38. Rg1 Rxc2 39. a3 d4 40. Qxa7 d3 41. Qb8+ Kh7 42. a4 c3 43. a5 Rb2 44. Qc7 d2 45. Qd8 Qe2 46. Kh2 c2 0-1

[Event "Plunge op-B 41st"]
[Site "Plateliai"]
[Date "2022.07.23"]
[Round "8"]
[White "Remeika, Ugnius"]
[Black "Cibulskyte, Smilte"]
[Result "1-0"]
[WhiteElo "1204"]
[BlackElo "1085"]
[PlyCount "167"]
[EventDate "2022.07.18"]
[EventType "swiss"]
[EventRounds "9"]
[EventCountry "LTU"]
[SourceTitle "CBM 209 Extra"]
[Source "ChessBase"]
[SourceDate "2022.09.30"]
[SourceVersion "1"]
[SourceVersionDate "2022.09.30"]
[SourceQuality "1"]

1. e4 e5 2. Nf3 Nc6 3. Bc4 Bc5 4. c3 Nf6 5. d3 a5 6. h3 h6 7. 0-0 d6 8. a4 0-0 9. Qb3 Qe7 10. Be3 Ba7 11. Bxa7 Rxa7 12. Nbd2 Be6 13. Bxe6 fxe6 14. Nh4 Kh7 15. Nhf3 Nh5 16. Rfe1 Nf4 17. Re3 b6 18. d4 exd4 19. Nxd4 Nd8 20. Rae1 Qf7 21. Rf3 e5 22. Qxf7 Rxf7 23. Nb5 Ra8 24. Ree3 Nde6 25. g4 Raf8 26. h4 g5 27. h5 Nc5 28. b3 Nfe6 29. Rxf7+ Rxf7 30. f3 Rf8 31. Na7 Kg7 32. Nc6 Kf7 33. b4 axb4 34. cxb4 Nxa4 35. Ra3 b5 36. Na7 Rb8 37. Nxb5 Rxb5 38. Rxa4 Nd4 39. Ra7 Ne6 40. Nc4 Kf6 41. Ra4 Nd4 42. Na3 Rb7 43. Kf2 Nc6 44. b5 Nd4 45. Rb4 Ke7 46. Ra4 Nxb5 47. Nxb5 Rxb5 48. Ra8 Kf7 49. Rh8 Kg7 50. Rd8 Rb2+ 51. Kg3 c5 52. Rd7+ Kf8 53. Rh7 c4 54. Rxh6 Ke7 55. Rh7+ Ke6 56. Rc7 d5 57. Rc6+ Kd7 58. exd5 Rb5 59. Rxc4 Rxd5 60. Kf2 Ke6 61. Rc6+ Kf7 62. Rg6 e4 63. fxe4 Re5 64. Ke3 Ra5 65. Rd6 Ra3+ 66. Rd3 Ra1 67. Rd5 Ra3+ 68. Kd4 Kf6 69. Rf5+ Ke6 70. Rxg5 Ra4+ 71. Ke3 Ra3+ 72. Kf4 Ra1 73. Rg6+ Kf7 74. g5 Rf1+ 75. Ke5 Rh1 76. Rf6+ Kg7 77. h6+ Kh7 78. Rf7+ Kg8 79. Rg7+ Kh8 80. Ke6 Rxh6+ 81. Kf7 Rh4 82. Rg8+ Kh7 83. g6+ Kh6 84. Rh8+ 1-0

[Event "Panevezys op-C"]
[Site "Panevezys"]
[Date "2021.07.31"]
[Round "5"]
[White "Remeika, Ugnius"]
[Black "Dauksas, Edgaras"]
[Result "0-1"]
[WhiteElo "1064"]
[BlackElo "1172"]
[PlyCount "114"]
[EventDate "2021.07.30"]
[EventType "swiss"]
[EventRounds "7"]
[EventCountry "LTU"]
[SourceTitle "EXT 2022"]
[Source "ChessBase"]
[SourceDate "2021.10.06"]
[SourceVersion "1"]
[SourceVersionDate "2021.10.06"]
[SourceQuality "1"]

1. e4 e5 2. Nf3 Nc6 3. Bc4 Bc5 4. c3 Nf6 5. d3 d6 6. a4 a5 7. 0-0 h6 8. Qb3 0-0 9. Be3 Qe7 10. Bxc5 dxc5 11. Nbd2 b6 12. Bb5 Na7 13. Nc4 Nxb5 14. Qxb5 Nd7 15. Qc6 Ra7 16. Qb5 Ba6 17. Qb3 Bxc4 18. Qxc4 Re8 19. Nd2 Qe6 20. f4 Qxc4 21. Nxc4 exf4 22. Rxf4 Ne5 23. Nxe5 Rxe5 24. Raf1 f6 25. Rf5 Rxf5 26. Rxf5 Ra8 27. Kf2 Rd8 28. Ke2 Kf7 29. Rd5 Rxd5 30. exd5 Ke7 31. c4 Kd6 32. Ke3 Ke5 33. g3 g6 34. h3 h5 35. Kf3 Kd4 36. Ke2 g5 37. Kd2 f5 38. Ke2 f4 39. gxf4 gxf4 40. h4 Ke5 41. Kf3 Kf5 42. b3 Ke5 43. Ke2 Kf6 44. Kf2 Ke5 45. Kf3 Kf5 46. d4 cxd4 47. b4 axb4 48. c5 b3 49. d6 cxd6 50. c6 Ke6 51. Kxf4 b2 52. c7 Kd7 53. Kg5 b1Q 54. Kxh5 Qh7+ 55. Kg5 Kxc7 56. h5 Kd7 57. h6 Ke6 0-1